MARC

LEADER 00000nam0a2200000 4500
001 349891
005 20231102010239.0
035 |a (RuTPU)RU\TPU\retro\3008 
090 |a 349891 
100 |a 20180921d1929 k y0rusy50 ca 
101 0 |a rus 
102 |a RU 
105 |a a z 001zy 
200 1 |a Теплофикация городов  |f Б. Л. Шифринсон  |g под ред. Н. А. Артемьева ; авт. предисл. Ж. Л. Танер-Таненбаум 
210 |a Москва  |c Издательство НКВД РСФСР  |d 1929 
215 |a 76 с.  |c ил. 
316 |5 63413507: М-132930  |a На титульном листе владельческая подпись "Бутаков" 
317 |5 63413507: М-132930  |a Поступила в НТБ в 1970 г. в составе книжного собрания профессора ТПИ И. Н. Бутакова 
320 |a Библиогр. в тексте 
606 1 |a Теплофикация  |x Строительство  |2 stltpush  |3 (RuTPU)RU\TPU\subj\59820  |9 77317 
610 1 |a теплофикационные установки 
610 1 |a теплоснабжение 
610 1 |a энергоснабжение 
610 1 |a графики 
610 1 |a теплоносители 
610 1 |a теплопроводы 
610 1 |a эксплуатация 
610 1 |a владельческая надпись 
610 1 |a библиотека И. Н. Бутакова 
675 |a 697.34  |v 4 
700 1 |a Шифринсон  |b Б. Л.  |g Борис Львович 
702 1 |a Артемьев  |b Н. А.  |4 340 
702 1 |a Танер-Таненбаум  |b Ж. Л.  |4 080 
801 1 |a RU  |b 63413507  |c 20180921 
801 2 |a RU  |b 63413507  |c 20190829  |g RCR 
942 |c BK